Responses for show #1601 - Monday, July 15, 1991

1991 Seniors Tournament semifinal game 1.

Contestants

[<< previous game]

Malcolm Post, a real estate sales agent from San Francisco, California

Lou Pryor, an attorney from New Canaan, Connecticut

Babs McClellan, an art student from Clearwater, Florida

[next game >>]

Jeopardy! Round responses

U.S.A.
DESIGN
COLE PORTER LYRICS
WEIGHTS & MEASURES
FAIRY TALES
ANAGRAMMED NAMES
    $100 11
the Mississippi

Lou
    $100 16
an ostrich

Malcolm
    $100 1
(Alex: Yes, from "You're The Top".)

the Mona Lisa

Malcolm
    $100 21
a pound

Lou
    $100 4
the witch

Lou
    $100 23
(Alex: We have a minute left.)

Oprah & Harpo

Lou
    $200 12
Harlem

Babs
    $200 17
the rose

Babs
    $200 2
"From This Moment On"

Lou
    $200 22
98.6

Babs
    $200 5
Mother Goose

Babs
    $200 24
Bea & Abe

Babs
    $300 13
(Lou: What's my hometown, [*]?)
(Alex: Got a plug in for it there, didn't you?)

Washington, D.C.

Lou
    $300 18
a lozenge

Malcolm
    $300 3
the heart of me

Malcolm
    $300 28
omega

Malcolm
    $300 8
Little Red Riding Hood

Malcolm
    $300 25
Dyan & Andy

Malcolm
    $400 14
Texas

Lou
    $500 19
(Malcolm: What is China?)

Japan

Malcolm
    $400 6
four letter words

Babs
    $400 29
a mile

Malcolm
    $400 9
Snow White

Lou
    $400 26
Ole & Leo

Lou
    $500 15
Florida

Lou
    $500 20
a sarcophagus

Malcolm
    $500 7
S.O.S.

Lou
    $500 30
a half pint

Babs
    $500 10
(Lou: [*]. What is [*]?)

her first child

Lou
    $500 27
Bat & Tab

Malcolm

Scores at the first commercial break (after clue 13):

Babs Lou Malcolm
$800 $2,100 $700

Scores at the end of the Jeopardy! Round:

Babs Lou Malcolm
$1,900 $3,600 $2,600

Double Jeopardy! Round responses

WORLD HISTORY
BRITISH CITIES & TOWNS
BEST SELLERS
BALLET
BIOLOGY
CRIME TIME
    $200 6
Australia

Babs
    $200 1
Oxford

Lou
    $200 11
Joan Rivers

Babs
    $200 18
Dr. King

Lou
    $200 27
tadpoles

Babs
    $200 12
Al Capone

Malcolm
    $400 7
[Lou gave both names though omitted (or it was edited out) the "St." that Alex added.]

(St.) Petersburg (Leningrad)

Lou
    $400 2
green

Lou
    $400 17
Reagan

Babs
    $400 19
(Babs: What is The Nutcracker Suite?)

The Nutcracker

BabsMalcolm
    $400 13
G-Men

Malcolm
    $600 8
Cornwallis

Malcolm
    $600 3
Newcastle

Lou
    $600 23
Valley of the Dolls

Babs
    $600 20
Romeo & Juliet

Lou
    $600 25
an artery

Lou
    $600 14
a bribe

Lou
    $800 9
(1 of) Panama (Venezuela, Ecuador)

Lou
    $800 4
Sheffield

Babs
    $3,000 24
(Alex: [Prior to the wager] We're running out of time and clues.)
...
(Babs: I cannot come up with the name.)
...
(Alex: The man who discovered the ancient site of Troy.)

Henry (Heinrich) Schliemann

Babs
    $800 21
(Lou: Who is de Mille?)
(Alex: Be more specific.)

Agnes de Mille

Lou
    $800 29
(Babs: What are hills?)
...
[The end-of-round signal sounds.]

colonies

Babs
Triple Stumper
    $800 15
(Lou: What is Sundance?)

the Hole-in-the-Wall

Lou
Triple Stumper
    $1000 10
Pepin (the Short)

Lou
    $1000 5
Portsmouth

Malcolm
    $1000 26
Robin Cook

Lou
    $1,000 22
(Lou: What is a harp?)
(Alex: I want you to be more specific.)
(Lou: Uh...)

a lyre

Lou
    $1000 28
species

Malcolm
    $1000 16
Frank Costello

Lou

Scores at the end of the Double Jeopardy! Round:

Babs Lou Malcolm
$100 $10,000 $6,200

[wagering suggestions for these scores]

Final Jeopardy! Round responses

GOVERNMENT & POLITICS
BabsWhat is Libertarian?
$5
MalcolmWhat is the Libertarian Party
$6,200
LouWhat is Libertarian?
$2,401
Libertarian

Final scores:

Babs Lou Malcolm
$105 $12,401 $12,400
3rd place: $5,000 Finalist 2nd place: $5,000

Game dynamics:

Coryat scores:

Babs Lou Malcolm
$3,100 $11,000 $6,700
13 R,
3 W
(including 1 DD)
25 R,
2 W
(including 1 DD)
16 R,
1 W
(including 1 DD)

Combined Coryat: $20,800

The J! Archive is created by fans, for fans. The Jeopardy! game show and all elements thereof, including but not limited to copyright and trademark thereto, are the property of Jeopardy Productions, Inc. and are protected under law. This website is not affiliated with, sponsored by, or operated by Jeopardy Productions, Inc. Join the discussion at JBoard.tv.